| 000 | 00627nam a2200229Ia 4500 | ||
|---|---|---|---|
| 003 | OSt | ||
| 005 | 20220928145034.0 | ||
| 006 | a|||||r|||| 00| 0 | ||
| 007 | ta | ||
| 008 | 220927b |||||||| |||| 00| 0 eng d | ||
| 024 | _a78384 | ||
| 037 | _cTextual | ||
| 040 |
_aSDCL _cSDCL _beng |
||
| 041 |
_2eng _aeng |
||
| 082 | _aX:5381, N4 | ||
| 100 |
_aBarnet Richard J _9511339 |
||
| 245 | 0 |
_aGlobal dreams _b Imperial corporations and the new world order. |
|
| 260 | _c1994 | ||
| 700 |
_a Cavanagh John _9511340 |
||
| 942 |
_hX:5381, N4 _cTEXL _2CC |
||
| 999 |
_c831598 _d831598 |
||